000 00844nam a2200265 a 4500
001 BRL_871
005 20190320210931.0
008 211013s1977----ag-a######---#000-0#spa-#
041 _aspa
044 _amx
050 4 _aNK802
_b.A78 1977
245 1 0 _aArte popular latinoamericano
_bBolivia / México / Panamá
_cRoberto Abínzano...[et. al.]
260 _aBuenos Aires
_bCentro Editor de América Latina
_c1977
300 _a96 p.
_bil. (algunas a color)
_c28 cm.
440 0 _aPueblos, hombres y formas en el arte
_925193
500 _aAu970
504 _aBibliografía: p. 96
650 1 4 _aArte popular
_zMéxico
_9882
650 1 4 _aArte popular
_zBolivia
_925194
650 1 4 _aArte popular
_zPanamá
_925195
650 1 4 _aArte popular
_zAmérica Latina
_925196
700 1 _aAbínzano, Roberto
_925197
902 _aGRL
942 _2lcc
_cB
999 _c9683
_d9683